| 000 | 00391nam a2200157Ia 4500 | ||
|---|---|---|---|
| 008 | 230917s9999||||xx |||||||||||||| ||und|| | ||
| 020 | _cPOU15 | ||
| 040 |
_e11325 _aMAIN |
||
| 041 | _aEnglish | ||
| 082 | _a300.72 B771I | ||
| 100 | _aBirnbaum, Ian | ||
| 245 | 0 | _aIntroduction to casual analysis in sociology | |
| 260 |
_aLondon _bMacmillan _c1981 |
||
| 300 | _axii, 167 p. | ||
| 942 | _cBK | ||
| 999 |
_c225916 _d225916 |
||